Normal view MARC view

Entry Personal Name

Number of records used in: 1

001 - CONTROL NUMBER

  • control field: 35159

003 - CONTROL NUMBER IDENTIFIER

  • control field: ENAL

005 - DATE AND TIME OF LATEST TRANSACTION

  • control field: 20240229111107.0

008 - FIXED-LENGTH DATA ELEMENTS

  • fixed length control field: 240229|| aca||aabn | a|a d

040 ## - CATALOGING SOURCE

  • Original cataloging agency: ENAL
  • Transcribing agency: ENAL

100 ## - HEADING--PERSONAL NAME

  • Personal name: Masoud, Alaa A. B

670 ## - SOURCE DATA FOUND

  • Source citation: Work cat.: (ENAL)69066: Abd El-Galil, Hassan A. 35157, Impact of different potassium fertilization sources on growth, yield and fruit quality of sultani fig tree

Home | About ENAL | Collections | Services | Activities | Calendar | Contact us

7 Nadi El Sayed St., Giza, Egypt | Phone:02-33351121 +02-33351313 | 
| Email: enalegypt@gmail.com